[Event "Mittelfranken-chTB2b 0910"]
[Site "Mittelfranken"]
[Date "2010.03.14"]
[Round "8.7"]
[White "Kittsteiner, Peter"]
[Black "Cipra, Christiane"]
[Result "1-0"]
[WhiteElo "1845"]
[BlackElo "1371"]
[PlyCount "39"]
[EventDate "2009.10.11"]
[EventType "team-tourn"]
[EventRounds "9"]
[EventCountry "GER"]
[SourceTitle "EXT 2011"]
[Source "ChessBase"]
[SourceDate "2010.11.26"]
[SourceVersion "1"]
[SourceVersionDate "2010.11.26"]
[SourceQuality "1"]
[WhiteTeam "Buechenbach/Roth II"]
[BlackTeam "Schwanstetten"]
[WhiteTeamCountry "GER"]
[BlackTeamCountry "GER"]

1. e4 e5 2. Nf3 Nc6 3. Bc4 Nf6 4. Nc3 Bb4 5. d3 Bxc3+ 6. bxc3 d5 7. exd5 Nxd5 8. Bd2 Be6 9. 0-0 0-0 10. Re1 f6 11. d4 Bg4 12. h3 Bh5 13. g4 Bg6 14. dxe5 fxe5 15. Bg5 Nce7 16. Bxe7 Qxe7 17. Qxd5+ Kh8 18. Nxe5 Qf6 19. Nxg6+ Qxg6 20. Qd3 1-0

[Event "Nuremberg Zabo op 07th"]
[Site "Nuremberg"]
[Date "2005.09.25"]
[Round "4"]
[White "Zabarska, Natalia"]
[Black "Cipra, Christiane"]
[Result "1-0"]
[WhiteElo "1652"]
[BlackElo "1399"]
[PlyCount "67"]
[EventDate "2005.09.23"]
[EventType "swiss"]
[EventRounds "5"]
[EventCountry "GER"]
[SourceTitle "EXT 2012"]
[Source "ChessBase"]
[SourceDate "2011.11.24"]
[SourceVersion "1"]
[SourceVersionDate "2011.11.24"]
[SourceQuality "1"]

1. e4 c5 2. Nc3 e6 3. d3 d6 4. f4 Bd7 5. Nf3 Nc6 6. g3 g6 7. Bg2 Bg7 8. 0-0 Nge7 9. Bd2 0-0 10. g4 a6 11. Nh4 Qc8 12. Bh3 Nd4 13. Ne2 f5 14. c3 Nxe2+ 15. Qxe2 b5 16. exf5 gxf5 17. g5 Bc6 18. Nf3 Ng6 19. Bg2 Re8 20. a4 c4 21. Rae1 Bd5 22. Qf2 Qd7 23. Qg3 Qf7 24. Rf2 Ra7 25. h4 h5 26. gxh6 Bf6 27. h5 Bxf3 28. hxg6 Qe7 29. Bxf3 Bh4 30. Qh3 Qf6 31. Rg2 Bxe1 32. Bxe1 d5 33. Bh4 Qf8 34. g7 1-0